| 000 | 00372nam a2200121Ia 4500 | ||
|---|---|---|---|
| 008 | 210430s9999 xx 000 0 und d | ||
| 082 | _a620.118 S893 F | ||
| 100 | _aDr. Ab Brent Strong | ||
| 245 |
_aFundamentals of Composites Manufacturing: Materials, Methods, and Applications _cDr. Ab Brent Strong |
||
| 260 |
_aUSA _bSME _c1989 |
||
| 300 | _a252.p | ||
| 942 |
_cBK _2ddc |
||
| 999 |
_c563822 _d563822 |
||